000 00569nam a2200205 i 4500
001 C2-0113636
003 PPAK
005 20180727104314.0
008 970703s my |||| ||||| | may d
040 _aPPAK
_beng
_cPPAK
_erda
082 0 4 _a899.232
_223
090 0 0 _a899.232
_bTIA
_dKIH
245 0 0 _aTiada lain pilihan
264 1 _a[Kuala Lumpur] :
_b[Universiti Malaya] ,
_c[date of publication not identified]
300 _a33 pages ;
_c33 cm
336 _2rdacontent
_atext
337 _2rdamedia
_aunmediated
338 _2rdacarrier
_avolume
942 _ddc
_cB
999 _c28788
_d28788